00518nam a22001697a 45000050016000000100027000160200025000430350027000680370024000950820010001191000022001292450054001512600032002052700067002373000025003044900019003292011120104274.0 aB-454774 B-483118-146 a9788179931721c75.00 aB-454774 B-483118-146 aBlue Berry/VenbDPL a523.7 aMukherjee, Vijita aSun :bVijita MukherjeecThe great ball of fire / aNew DelhibTeri Pressc2008 aDarbari Seth Block, IHC Complex, Lodhi RoadbNew Delhie110003 a16p.bcol.illc23cm. aKnow all about